| 000 | 00475nam a2200169 i 4500 | ||
|---|---|---|---|
| 001 | 123848 | ||
| 003 | ES-MaACL | ||
| 005 | 20230906192244.0 | ||
| 007 | t| | ||
| 008 | 070214s1965 sp r ||||1| spa d | ||
| 080 | _a087.5:86-34"19" | ||
| 100 | 1 |
_aQuislant Cuesta, Ángel. _9156089 |
|
| 245 | 1 | 0 |
_aCarta del Rey ha venido _b: cuento de Navidad / _cÁngel Quislant Cuesta. |
| 260 |
_aMadrid : _b[s.n.], _c1965. |
||
| 300 |
_a54 p. ; _c21 cm. |
||
| 852 |
_aES-MaACL _jC-30312 |
||
| 999 |
_c123848 _d123848 |
||